[Event "Hartberg op"]
[Site "Hartberg"]
[Date "1991.??.??"]
[Round "4"]
[White "Tseitlin, Mark D"]
[Black "Lukic, Dragan M"]
[Result "1-0"]
[WhiteElo "2435"]
[BlackElo "2320"]
[PlyCount "61"]
[EventDate "1991.07.??"]
[EventType "swiss"]
[EventRounds "9"]
[EventCountry "AUT"]
[SourceTitle "EXT 1997"]
[Source "ChessBase"]
[SourceDate "1996.11.15"]
[SourceVersion "1"]
[SourceVersionDate "1996.11.15"]
[SourceQuality "1"]

1. e4 c6 2. d4 d5 3. exd5 cxd5 4. c4 Nf6 5. Nc3 Nc6 6. Bg5 dxc4 7. d5 Ne5 8.
Qd4 Nd3+ 9. Bxd3 cxd3 10. Nf3 Bd7 11. O-O h6 12. Bf4 g5 13. Be5 Bg7 14. d6 Bc6
15. Rfe1 e6 16. Nd2 O-O 17. Nde4 Bxe4 18. Nxe4 Nh5 19. Bxg7 Nxg7 20. Nf6+ Kh8
21. g4 d2 22. Re3 Rc8 23. Rh3 Rc1+ 24. Kg2 Qxf6 25. Qxf6 Kg8 26. Rd3 Rxa1 27.
Rxd2 e5 28. d7 Ne6 29. d8=Q Nxd8 30. Rxd8 Rxd8 31. Qxd8+ 1-0

[Event "Hartberg op"]
[Site "Hartberg"]
[Date "1991.??.??"]
[Round "8"]
[White "Tseitlin, Mark D"]
[Black "Mahdy, Khaled"]
[Result "1-0"]
[WhiteElo "2435"]
[BlackElo "2360"]
[PlyCount "81"]
[EventDate "1991.07.??"]
[EventType "swiss"]
[EventRounds "9"]
[EventCountry "AUT"]
[SourceTitle "EXT 1997"]
[Source "ChessBase"]
[SourceDate "1996.11.15"]
[SourceVersion "1"]
[SourceVersionDate "1996.11.15"]
[SourceQuality "1"]

1. Nf3 Nf6 2. d4 c5 3. d5 g6 4. Nc3 d6 5. e4 Bg7 6. Bb5+ Nfd7 7. a4 O-O 8. O-O
Na6 9. Re1 Nc7 10. Bf1 a6 11. Bf4 Nf6 12. h3 Nfe8 13. Qd2 Rb8 14. Rab1 a5 15.
Rbd1 Bd7 16. e5 b5 17. exd6 exd6 18. axb5 Nxb5 19. Ne4 a4 20. Bh6 f6 21. Bxg7
Kxg7 22. Re3 Rf7 23. Rde1 Nbc7 24. Bc4 Rb4 25. b3 Bb5 26. Bxb5 Rxb5 27. bxa4
Rb4 28. Qc3 Qd7 29. Rd1 Re7 30. Nfg5 Re5 31. f4 Rxd5 32. Rde1 Rbd4 33. Nxc5
dxc5 34. Re7+ Qxe7 35. Rxe7+ Kf8 36. Rf7+ Kg8 37. Qe3 Rd7 38. Rxd7 Rxd7 39. Ne4
Nd5 40. Qxc5 Kf7 41. a5 1-0

[Event "ISR-ch"]
[Site "Ramat Gan"]
[Date "1992.??.??"]
[Round "1"]
[White "Tseitlin, Mark D"]
[Black "Slutzkin, Uri"]
[Result "1-0"]
[WhiteElo "2450"]
[BlackElo "2305"]
[PlyCount "79"]
[EventDate "1992.??.??"]
[EventType "swiss"]
[EventRounds "11"]
[EventCountry "ISR"]
[SourceTitle "TD"]
[Source "ChessBase"]
[SourceDate "1994.03.01"]
[SourceVersion "1"]
[SourceVersionDate "1994.03.01"]
[SourceQuality "1"]

1. e4 c5 2. Nf3 d6 3. d4 cxd4 4. Nxd4 Nf6 5. Nc3 a6 6. Be3 e6 7. Qd2 b5 8. f3
Nbd7 9. g4 h6 10. O-O-O Bb7 11. Bd3 b4 12. Nce2 Qa5 13. Kb1 d5 14. exd5 Bxd5
15. Nb3 Qc7 16. Rhf1 a5 17. Nf4 a4 18. Nd4 Bc5 19. Bb5 O-O 20. h4 e5 21. Nxd5
Nxd5 22. Nf5 Nxe3 23. Nxe3 Bxe3 24. Qxe3 Nb6 25. g5 h5 26. Rfe1 Rfc8 27. Qe4 b3
28. c4 bxa2+ 29. Ka1 a3 30. b3 Rd8 31. Kxa2 Qc5 32. Qe2 Rd4 33. Rxd4 Qxd4 34.
Rd1 Qxh4 35. c5 Nc8 36. Rd8+ Kh7 37. Bc6 Rb8 38. Qe4+ Qxe4 39. Bxe4+ g6 40. c6
1-0

[Event "ISR-ch"]
[Site "Ramat Gan"]
[Date "1992.??.??"]
[Round "2"]
[White "Maryasin, Boris Feliksovich"]
[Black "Tseitlin, Mark D"]
[Result "0-1"]
[WhiteElo "2395"]
[BlackElo "2450"]
[PlyCount "78"]
[EventDate "1992.??.??"]
[EventType "swiss"]
[EventRounds "11"]
[EventCountry "ISR"]
[SourceTitle "TD"]
[Source "ChessBase"]
[SourceDate "1994.03.01"]
[SourceVersion "1"]
[SourceVersionDate "1994.03.01"]
[SourceQuality "1"]

1. e4 g6 2. d4 Bg7 3. Nc3 c6 4. Be3 d5 5. Qd2 dxe4 6. Nxe4 Bf5 7. Ng3 Be6 8.
N1e2 Bc4 9. h4 h5 10. O-O-O Nf6 11. b3 Bxe2 12. Bxe2 a5 13. c4 Na6 14. Kb1 O-O
15. Bh6 a4 16. Bxg7 Kxg7 17. Qg5 Rh8 18. Rh3 axb3 19. axb3 Nb4 20. Qc5 Na2 21.
b4 Nc3+ 22. Kc2 Nxd1 23. Kxd1 Ra1+ 24. Kd2 e5 25. Qxe5 Re8 26. Nxh5+ gxh5 27.
Qg5+ Kh8 28. Qh6+ Nh7 29. Bd3 f5 30. Qxh5 Ra2+ 31. Kc3 Qa8 32. d5 c5 33. Bc2
cxb4+ 34. Kd2 Rxc2+ 35. Kxc2 Qa2+ 36. Kd3 Re4 37. Re3 Qxc4+ 38. Kd2 Rd4+ 39.
Ke1 Qc1+ 0-1

[Event "ISR-ch"]
[Site "Ramat Gan"]
[Date "1992.??.??"]
[Round "4"]
[White "Mikhalevski, Alexander"]
[Black "Tseitlin, Mark D"]
[Result "0-1"]
[WhiteElo "2400"]
[BlackElo "2450"]
[PlyCount "78"]
[EventDate "1992.??.??"]
[EventType "swiss"]
[EventRounds "11"]
[EventCountry "ISR"]
[SourceTitle "TD"]
[Source "ChessBase"]
[SourceDate "1994.03.01"]
[SourceVersion "1"]
[SourceVersionDate "1994.03.01"]
[SourceQuality "1"]

1. d4 g6 2. c4 Bg7 3. Nc3 d6 4. e4 Nc6 5. Be3 Nf6 6. h3 e5 7. d5 Nd4 8. Nge2
Qe7 9. Nxd4 exd4 10. Qxd4 O-O 11. e5 dxe5 12. Qc5 Qd8 13. O-O-O Bf5 14. f3 Nh5
15. g4 Ng3 16. Rh2 Nxf1 17. Rxf1 Bd7 18. h4 b6 19. Qa3 f5 20. Bg5 Qe8 21. gxf5
Bxf5 22. Re1 Bd3 23. Nb5 e4 24. fxe4 Qe5 25. Rd2 Bxc4 26. Nd4 Bxd5 27. Nf3 Qg3
28. exd5 Rxf3 29. Qe7 h6 30. Qe6+ Kh7 31. Be7 Re8 32. Rde2 Qf4+ 33. Kb1 Qc4 34.
Qc6 Qd3+ 35. Qc2 Qxd5 36. Qxc7 Qf5+ 37. Qc2 Rd3 38. a3 Rc8 39. Rf2 Rxc2 0-1

[Event "ISR-ch"]
[Site "Ramat Gan"]
[Date "1992.??.??"]
[Round "8"]
[White "Birnboim, Nathan"]
[Black "Tseitlin, Mark D"]
[Result "0-1"]
[WhiteElo "2395"]
[BlackElo "2450"]
[PlyCount "108"]
[EventDate "1992.??.??"]
[EventType "swiss"]
[EventRounds "11"]
[EventCountry "ISR"]
[SourceTitle "TD"]
[Source "ChessBase"]
[SourceDate "1994.03.01"]
[SourceVersion "1"]
[SourceVersionDate "1994.03.01"]
[SourceQuality "1"]

1. Nf3 Nf6 2. g3 d5 3. Bg2 c6 4. d3 Bg4 5. h3 Bh5 6. Nbd2 e6 7. O-O Nbd7 8. e4
Bc5 9. Qe1 Qc7 10. e5 Ng8 11. d4 Bb6 12. c4 Ne7 13. c5 Ba5 14. Qe3 Nf5 15. Qf4
Bxd2 16. Nxd2 Be2 17. Re1 Ba6 18. Nf3 Nf8 19. b4 Bd3 20. Bb2 Be4 21. a4 Ng6 22.
Qd2 O-O 23. Nh2 Bxg2 24. Kxg2 Rae8 25. h4 f6 26. h5 Nh8 27. Ng4 Qf7 28. Rh1 Nh6
29. Nxh6+ gxh6 30. Qxh6 Qe7 31. Rh4 f5 32. Qf4 Nf7 33. Bc3 Kh8 34. Bd2 Rg8 35.
Rah1 Ng5 36. f3 b6 37. Rc1 Qb7 38. Rhh1 Qa6 39. Qe3 f4 40. gxf4 Ne4+ 41. Kh2
Ng3 42. Rhe1 Nf5 43. Qe2 Qb7 44. Rg1 Nxd4 45. Qf2 Qf7 46. Rg4 Qxh5+ 47. Kg3
Nf5+ 48. Kg2 Rxg4+ 49. fxg4 Qxg4+ 50. Kf1 Rg8 51. cxb6 axb6 52. Ke1 Qh3 53.
Qxb6 d4 54. Kd1 Qd3 0-1

[Event "Beersheba"]
[Site "Beersheba"]
[Date "1992.??.??"]
[Round "1"]
[White "Chernin, Alexander"]
[Black "Tseitlin, Mark D"]
[Result "0-1"]
[WhiteElo "2620"]
[BlackElo "2440"]
[Annotator "Ftacnik,L"]
[PlyCount "86"]
[EventDate "1992.03.??"]
[EventType "schev"]
[EventRounds "3"]
[EventCountry "ISR"]
[SourceTitle "CBM 030"]
[Source "ChessBase"]
[SourceDate "1992.10.01"]
[SourceVersion "1"]
[SourceVersionDate "1992.10.01"]
[SourceQuality "1"]

1. d4 Nf6 2. c4 g6 3. Nc3 d5 4. cxd5 Nxd5 5. e4 Nxc3 6. bxc3 Bg7 7. Nf3 c5 8.
Rb1 O-O 9. Be2 Nc6 10. d5 Ne5 11. Nxe5 Bxe5 12. Qd2 e6 13. f4 Bc7 14. O-O exd5
15. exd5 Ba5 16. f5 $5 {N} (16. d6 Bf5 17. Rxb7 Qf6 18. Bb2 Rfb8 19. Rxb8+ Rxb8
20. Rd1 $14 {Sakaev,A-Tseitlin,Ma/St.Petersburg/1992/}) (16. Ba3 b6 17. Rbd1
Qd6 18. h3 (18. Bb2 Bd7 19. Qc2 Rae8 20. c4 f6 21. Bd3 $14 {Cebalo,M-Fette,M/
Bad Woerishofen/1991/}) 18... Bd7 19. Bg4 Bxg4 20. hxg4 Rfe8 $10 {Michaelsen,
N-Fette,M/Hamburg ch/1991/}) 16... Bxf5 17. Rxb7 Qf6 18. Rf3 (18. g4 Bxc3 19.
Qf4 Qd4+ $17) 18... c4 19. Ba3 (19. g4 Qa6 $1) (19. Bxc4 Rac8 $132) 19... Rfe8
20. d6 Bb6+ (20... Bxc3 21. Rxc3 Rxe2 22. Qxe2 Qxc3 23. Bb2 Qd3 24. Qe5 Qd1+
25. Kf2 Qd2+ 26. Kg3 $18) 21. Kh1 Qe6 22. Re7 Rxe7 23. dxe7 Re8 24. Qh6 Rxe7 (
24... Qxe2 $2 25. Qf8+ $1) 25. Bxc4 (25. Bxe7 Qxe7 26. Bf1 Qe1 $36) 25... Qe1+
(25... Qxc4 26. Bxe7 Qc8 $8 27. Rxf5 gxf5 28. Qg5+ $18) 26. Rf1 Qe3 27. Qxe3
Rxe3 28. Rf3 Re1+ 29. Rf1 Re8 30. Bd5 (30. Bxf7+ Kxf7 31. g4 Kf6 32. gxf5 gxf5
$17) 30... Re3 31. Bb2 (31. g4 Be4+ $17) 31... Re2 32. Bc1 Be4 33. Bxe4 Rxe4
34. g3 Re2 35. Bh6 f5 36. Rd1 Kf7 37. Rd7+ Ke6 38. Rxh7 Rxa2 39. Bg5 Kd5 40.
Rd7+ (40. Rg7 Ke4 41. Rxg6 Kf3 42. h4 Ra1+ 43. Kh2 Bg1+ 44. Kh3 Ra2 $19) 40...
Ke4 41. Rd1 Kf3 42. c4 Kg4 43. Bf4 g5 {Ftacnik,L} (43... Kh3 44. g4 Kxg4 45.
Bd6 $17) (43... g5 44. Bd6 Kh3 45. g4 f4 46. Rd3+ Be3 $19) 0-1

[Event "Beersheba"]
[Site "Beersheba"]
[Date "1992.??.??"]
[Round "8"]
[White "Tseitlin, Mark D"]
[Black "Kortschnoj, Viktor Lvovich"]
[Result "1-0"]
[WhiteElo "2440"]
[BlackElo "2585"]
[PlyCount "79"]
[EventDate "1992.03.??"]
[EventType "schev"]
[EventRounds "3"]
[EventCountry "ISR"]
[SourceTitle "CBM 030"]
[Source "ChessBase"]
[SourceDate "1992.10.01"]
[SourceVersion "1"]
[SourceVersionDate "1992.10.01"]
[SourceQuality "1"]

1. e4 e6 2. d4 d5 3. Nd2 c5 4. Ngf3 Nc6 5. Bb5 cxd4 6. Nxd4 Bd7 7. Nxc6 Bxc6 8.
Bxc6+ bxc6 9. O-O Bd6 10. Qe2 Ne7 11. e5 Bc7 12. b3 Ng6 13. Nf3 O-O 14. Bb2 Nh4
15. Rad1 Nxf3+ 16. Qxf3 a5 17. Rd3 Qh4 18. Rd4 Qe7 19. Rg4 c5 20. Re1 Kh8 21.
Rf4 a4 22. Qh5 g6 23. Qh6 d4 24. Rh4 f5 25. exf6 Rxf6 26. Bc1 Qf7 27. f3 axb3
28. axb3 Ba5 29. Ree4 Bc7 30. Bg5 Rf5 31. f4 Bd6 32. Rxe6 Rxg5 33. Rxd6 Qe7 34.
Re6 Ra1+ 35. Kf2 Rxg2+ 36. Kxg2 Qb7+ 37. Kf2 Rf1+ 38. Kxf1 Qf3+ 39. Kg1 Qd1+
40. Kf2 1-0

[Event "Tel Aviv-B"]
[Site "Tel Aviv"]
[Date "1992.??.??"]
[Round "3"]
[White "Tseitlin, Mark D"]
[Black "Kaspi, Alexander"]
[Result "1-0"]
[WhiteElo "2440"]
[BlackElo "2380"]
[PlyCount "75"]
[EventDate "1992.04.??"]
[EventType "tourn"]
[EventRounds "11"]
[EventCountry "ISR"]
[EventCategory "6"]
[SourceTitle "CBM 029 Extra"]
[Source "ChessBase"]
[SourceDate "1992.09.01"]
[SourceVersion "1"]
[SourceVersionDate "1992.09.01"]
[SourceQuality "1"]

1. e4 c5 2. Nf3 d6 3. d4 cxd4 4. Nxd4 Nf6 5. Nc3 a6 6. f4 e5 7. Nf3 Nbd7 8. Bc4
Be7 9. O-O O-O 10. Kh1 Qc7 11. Qe2 b5 12. Bb3 Bb7 13. Nh4 Nc5 14. fxe5 dxe5 15.
Nf5 Nxb3 16. axb3 b4 17. Nd5 Nxd5 18. exd5 g6 19. Qc4 Bd6 20. Qh4 f6 21. Nh6+
Kh8 22. Rxf6 Be7 23. Bg5 Bxf6 24. Bxf6+ Rxf6 25. Qxf6+ Qg7 26. Qg5 Bxd5 27. Rd1
Rf8 28. h3 Bg8 29. Rd6 a5 30. Ng4 e4 31. Qxa5 Qxb2 32. Qxb4 Rc8 33. Qxe4 Rxc2
34. Rd8 Rc1+ 35. Kh2 Qg7 36. Qf4 Qc7 37. Qxc7 Rxc7 38. Nf6 1-0

[Event "Tel Aviv-B"]
[Site "Tel Aviv"]
[Date "1992.??.??"]
[Round "8"]
[White "Lev, Ronen"]
[Black "Tseitlin, Mark D"]
[Result "0-1"]
[WhiteElo "2415"]
[BlackElo "2440"]
[PlyCount "150"]
[EventDate "1992.04.??"]
[EventType "tourn"]
[EventRounds "11"]
[EventCountry "ISR"]
[EventCategory "6"]
[SourceTitle "CBM 029 Extra"]
[Source "ChessBase"]
[SourceDate "1992.09.01"]
[SourceVersion "1"]
[SourceVersionDate "1992.09.01"]
[SourceQuality "1"]

1. d4 f5 2. c4 Nf6 3. g3 d6 4. Nf3 g6 5. Bg2 Bg7 6. O-O O-O 7. Nc3 Nc6 8. d5
Na5 9. Nd2 c5 10. Qc2 e5 11. a3 b6 12. b4 Nb7 13. Bb2 g5 14. e3 Bd7 15. b5 Qe8
16. Rae1 Qh5 17. Qd1 Qh6 18. Ne2 Rae8 19. f3 f4 20. exf4 gxf4 21. Nc3 Na5 22.
Qc2 fxg3 23. hxg3 Nh5 24. g4 Nf4 25. Ne2 Qg6 26. Qxg6 hxg6 27. Bc3 Nd3 28. Rd1
Bh6 29. Ne4 Be3+ 30. Kh2 Nf4 31. Bxa5 Nxe2 32. Bd2 Bf4+ 33. Bxf4 exf4 34. Nxd6
Re3 35. Rfe1 Kg7 36. Bf1 Nd4 37. Bg2 Ne2 38. Bf1 Nd4 39. Bg2 Nc2 40. Rf1 Re2
41. Kg1 Ne3 42. Bh1 Rh8 43. Ne4 Nxc4 44. Rfe1 Rhh2 45. Nc3 Rxe1+ 46. Rxe1 Rc2
47. Re7+ Kf6 48. Rxd7 Rxc3 49. a4 Rc1+ 50. Kh2 Ne3 51. d6 Rd1 52. a5 bxa5 53.
Rxa7 Rxd6 54. Rxa5 Rd2+ 55. Kh3 Rb2 56. g5+ Ke5 57. Ra6 c4 58. Rxg6 c3 59. Rc6
c2 60. g6 Rb1 61. Rxc2 Rxh1+ 62. Rh2 Rg1 63. Rb2 Rxg6 64. Kh2 Rb6 65. Kg1 Kd4
66. Rb4+ Nc4 67. Kf2 Kc5 68. Rb3 Rxb5 69. Rd3 Rb2+ 70. Kf1 Rd2 71. Rb3 Kd4 72.
Rb4 Rb2 73. Ra4 Kd3 74. Kg1 Rc2 75. Rb4 Ke2 0-1

[Event "Beersheba"]
[Site "Beersheba"]
[Date "1993.??.??"]
[Round "4"]
[White "Mikhalevski, Victor"]
[Black "Tseitlin, Mark D"]
[Result "0-1"]
[WhiteElo "2380"]
[BlackElo "2430"]
[PlyCount "80"]
[EventDate "1993.??.??"]
[EventType "tourn"]
[EventRounds "11"]
[EventCountry "ISR"]
[EventCategory "12"]
[SourceTitle "CBM 038"]
[Source "ChessBase"]
[SourceDate "1994.02.01"]
[SourceVersion "1"]
[SourceVersionDate "1994.02.01"]
[SourceQuality "1"]

1. d4 Nf6 2. Nf3 g6 3. Bg5 Bg7 4. Nbd2 O-O 5. e3 d6 6. Be2 b6 7. O-O Bb7 8. Ne1
c5 9. Bf3 Nc6 10. c3 Qc7 11. Nc2 h6 12. Bh4 Nh7 13. Bg3 e5 14. dxe5 dxe5 15.
Bd5 Rad8 16. e4 Kh8 17. Ne3 Ba6 18. Bc4 Bxc4 19. Nexc4 f5 20. f3 b5 21. Ne3 Ne7
22. Bf2 Ng5 23. Qc2 Ne6 24. a4 a6 25. axb5 axb5 26. Ra6 Rd6 27. Rfa1 Nf4 28.
Bh4 c4 29. Ra7 Qc5 30. Ndf1 Nc8 31. R7a6 Nd3 32. Rxd6 Qxd6 33. Nd5 fxe4 34.
fxe4 g5 35. Bg3 Qc5+ 36. Nfe3 Nd6 37. b4 Qc6 38. Qe2 Nxe4 39. Qh5 Nf4 40. Qf3
Nh3+ 0-1

[Event "Haifa"]
[Site "Haifa"]
[Date "1993.??.??"]
[Round "?"]
[White "Tseitlin, Mark D"]
[Black "Alterman, Vladimir I"]
[Result "1-0"]
[WhiteElo "2460"]
[BlackElo "2405"]
[PlyCount "49"]
[EventDate "1993.??.??"]
[EventType "tourn"]
[EventRounds "7"]
[EventCountry "ISR"]
[EventCategory "12"]
[SourceTitle "EXT 2000"]
[Source "ChessBase"]
[SourceDate "1999.11.16"]
[SourceVersion "1"]
[SourceVersionDate "1999.11.16"]
[SourceQuality "1"]

1. e4 c5 2. Nf3 d6 3. d4 cxd4 4. Qxd4 Nf6 5. Nc3 a6 6. Bg5 Nc6 7. Qe3 e6 8.
O-O-O h6 9. Bh4 Be7 10. h3 Qa5 11. Bc4 Bd7 12. Rhe1 Ne5 13. Bb3 Nxf3 14. gxf3
O-O-O 15. Bg3 Ne8 16. Rd3 h5 17. Red1 h4 18. Bf4 g5 19. Bh2 Rg8 20. e5 d5 21.
Nxd5 exd5 22. Rxd5 Qc7 23. Rxd7 Rxd7 24. Rxd7 Qxd7 25. e6 1-0

[Event "Biel MTO op"]
[Site "Biel"]
[Date "1993.??.??"]
[Round "4"]
[White "Tseitlin, Mark D"]
[Black "Meyer, Peter"]
[Result "1-0"]
[WhiteElo "2430"]
[BlackElo "2360"]
[PlyCount "105"]
[EventDate "1993.07.??"]
[EventType "swiss"]
[EventRounds "11"]
[EventCountry "SUI"]
[SourceTitle "TD"]
[Source "ChessBase"]
[SourceDate "1994.03.01"]
[SourceVersion "1"]
[SourceVersionDate "1994.03.01"]
[SourceQuality "1"]

1. e4 e6 2. d4 d5 3. Nd2 Nf6 4. e5 Nfd7 5. c3 c5 6. Bd3 Nc6 7. Ngf3 cxd4 8.
cxd4 Be7 9. O-O g5 10. Nb3 a5 11. a4 h6 12. Be3 Nb6 13. Nc5 Nc4 14. Bxc4 dxc4
15. Ne4 b6 16. Nc3 Nb4 17. Nd2 Ba6 18. Qh5 Qd7 19. Rad1 Bb7 20. Nde4 Rg8 {[#]}
21. d5 exd5 22. Nb5 Rg6 23. Ned6+ Bxd6 24. Nxd6+ Rxd6 25. exd6 Qxd6 26. Bxg5
hxg5 27. Rfe1+ Kd8 28. Qxf7 Bc6 29. Re6 Qf4 30. Qe7+ Kc8 31. Rd6 Qxd6 32. Qxd6
Kb7 33. Qe7+ Ka6 34. Qxg5 Bxa4 35. Rxd5 Nxd5 36. Qxd5 Rc8 37. h4 Rc5 38. Qa8+
Kb5 39. h5 Kb4 40. h6 Bc2 41. Qd8 Bd3 42. Qxb6+ Rb5 43. Qc6 a4 44. g4 Rg5 45.
Qb6+ Rb5 46. Qd6+ Kb3 47. Qa3+ Kc2 48. Qxa4+ Rb3 49. h7 Bxh7 50. Qxc4+ Kxb2 51.
Kg2 Bd3 52. Qd4+ Kc2 53. f4 1-0

[Event "Biel MTO op"]
[Site "Biel"]
[Date "1993.??.??"]
[Round "7"]
[White "Tseitlin, Mark D"]
[Black "Reefschlaeger, Helmut"]
[Result "1-0"]
[WhiteElo "2430"]
[BlackElo "2390"]
[PlyCount "45"]
[EventDate "1993.07.??"]
[EventType "swiss"]
[EventRounds "11"]
[EventCountry "SUI"]
[SourceTitle "TD"]
[Source "ChessBase"]
[SourceDate "1994.03.01"]
[SourceVersion "1"]
[SourceVersionDate "1994.03.01"]
[SourceQuality "1"]

1. e4 d5 2. exd5 Qxd5 3. Nc3 Qa5 4. d4 c6 5. Nf3 Nf6 6. Bc4 Bf5 7. Bd2 e6 8.
Qe2 Bb4 9. a3 Bg4 10. Qe3 Bxf3 11. Qxf3 Nbd7 12. O-O-O Bxc3 13. Bxc3 Qc7 14.
Bd2 O-O-O 15. Rhe1 Nb6 16. Bf4 Qe7 17. Bb3 Nfd5 18. Bg3 Qf6 19. Qh5 Qg6 20. Qe5
Nd7 21. Qd6 Qg5+ 22. Re3 Qe7 {[#]} 23. Qxd5 1-0

[Event "Beersheba"]
[Site "Beersheba"]
[Date "1994.??.??"]
[Round "?"]
[White "Tseitlin, Mark D"]
[Black "Huzman, Alexander"]
[Result "1-0"]
[WhiteElo "2470"]
[BlackElo "2575"]
[PlyCount "81"]
[EventDate "1994.??.??"]
[EventType "tourn"]
[EventRounds "13"]
[EventCountry "ISR"]
[EventCategory "7"]
[SourceTitle "EXT 2004"]
[Source "ChessBase"]
[SourceDate "2003.11.25"]
[SourceVersion "1"]
[SourceVersionDate "2003.11.25"]
[SourceQuality "1"]

1. e4 e6 2. d4 d5 3. Nd2 c5 4. Ngf3 cxd4 5. Nxd4 Nc6 6. Bb5 Bd7 7. Nxc6 Bxc6 8.
Bxc6+ bxc6 9. c4 Bc5 10. Qa4 Ne7 11. cxd5 exd5 12. O-O O-O 13. b3 Qd6 14. Bb2
Qf4 15. Rad1 Rfe8 16. Qa5 Bb6 17. Qc3 d4 18. Qh3 Rad8 19. g3 Qe5 20. Qg4 Ng6
21. Rfe1 Qa5 22. a3 Ne5 23. Qe2 d3 24. Qh5 g6 25. Qg5 Bd4 26. Bxd4 Rxd4 27. Qe3
Qb6 28. h3 c5 29. f4 Nc6 30. e5 f5 31. Kh2 Red8 32. Rc1 Ne7 33. e6 R8d5 34. h4
h5 35. Kh3 Qd8 36. Rc4 Qd6 37. Qf3 Kg7 38. Rxd4 Rxd4 39. Qa8 c4 40. bxc4 Qxa3
41. Qe8 1-0

[Event "Beersheba"]
[Site "Beersheba"]
[Date "1994.??.??"]
[Round "?"]
[White "Tseitlin, Mark D"]
[Black "Mittelman, Gur"]
[Result "1-0"]
[WhiteElo "2470"]
[BlackElo "2300"]
[PlyCount "69"]
[EventDate "1994.??.??"]
[EventType "tourn"]
[EventRounds "13"]
[EventCountry "ISR"]
[EventCategory "7"]
[SourceTitle "EXT 2004"]
[Source "ChessBase"]
[SourceDate "2003.11.25"]
[SourceVersion "1"]
[SourceVersionDate "2003.11.25"]
[SourceQuality "1"]

1. e4 c5 2. Nf3 d6 3. d4 cxd4 4. Nxd4 Nf6 5. Nc3 g6 6. Be3 Bg7 7. f3 O-O 8. Qd2
Nc6 9. Bc4 Bd7 10. O-O-O Ne5 11. Bb3 Rc8 12. h4 Nc4 13. Bxc4 Rxc4 14. Qd3 Rc8
15. g4 Qc7 16. h5 Qc4 17. h6 Bh8 18. Nde2 Be6 19. Qxc4 Bxc4 20. Bxa7 Nd7 21.
Bd4 Ne5 22. Rh3 f5 23. gxf5 gxf5 24. Rg3+ Ng6 25. Nf4 fxe4 26. Nxg6 hxg6 27.
Nxe4 Bxa2 28. Rxg6+ Kh7 29. Rg3 Bxd4 30. Rxd4 Bb3 31. Rd2 Rf5 32. Rg7+ Kxh6 33.
Rxe7 Rxf3 34. Rxd6+ Kh5 35. Nc3 1-0

[Event "Beersheba"]
[Site "Beersheba"]
[Date "1994.??.??"]
[Round "?"]
[White "Tseitlin, Mark D"]
[Black "Tyomkin, Dimitri"]
[Result "1-0"]
[WhiteElo "2470"]
[BlackElo "2310"]
[PlyCount "57"]
[EventDate "1994.??.??"]
[EventType "tourn"]
[EventRounds "13"]
[EventCountry "ISR"]
[EventCategory "7"]
[SourceTitle "EXT 2004"]
[Source "ChessBase"]
[SourceDate "2003.11.25"]
[SourceVersion "1"]
[SourceVersionDate "2003.11.25"]
[SourceQuality "1"]

1. e4 c5 2. Nf3 e6 3. Nc3 a6 4. d4 cxd4 5. Nxd4 Qc7 6. Be2 Nc6 7. O-O Nf6 8.
Be3 Be7 9. f4 d6 10. Qe1 O-O 11. Qg3 Bd7 12. Kh1 b5 13. e5 dxe5 14. fxe5 Nxe5
15. Rxf6 Bxf6 16. Bf4 b4 17. Ne4 Kh8 18. Bd3 Qa5 19. Nxf6 gxf6 20. Bh6 Ng6 21.
Bxf8 Rxf8 22. Qd6 Rd8 23. Bxg6 hxg6 24. Qe7 Be8 25. Rf1 Kg8 26. Qxf6 Qd5 27.
Rf4 Qh5 28. h3 Rd5 29. Qe7 1-0

[Event "Beersheba"]
[Site "Beersheba"]
[Date "1994.??.??"]
[Round "?"]
[White "Vydeslaver, Alik"]
[Black "Tseitlin, Mark D"]
[Result "0-1"]
[WhiteElo "2350"]
[BlackElo "2470"]
[PlyCount "100"]
[EventDate "1994.??.??"]
[EventType "tourn"]
[EventRounds "13"]
[EventCountry "ISR"]
[EventCategory "7"]
[SourceTitle "EXT 2004"]
[Source "ChessBase"]
[SourceDate "2003.11.25"]
[SourceVersion "1"]
[SourceVersionDate "2003.11.25"]
[SourceQuality "1"]

1. e4 c5 2. Nf3 Nc6 3. d4 cxd4 4. Nxd4 Nf6 5. Nc3 d6 6. Bg5 e6 7. Qd2 Be7 8.
O-O-O O-O 9. Nb3 a5 10. a4 d5 11. Bb5 Na7 12. e5 Nd7 13. Bxe7 Qxe7 14. f4 Nxb5
15. Nxb5 Nb6 16. Qd4 Nc4 17. Nd2 Nxd2 18. Rxd2 Bd7 19. Nd6 Bc6 20. Rd3 f6 21.
Rg3 fxe5 22. fxe5 Qd7 23. b3 b5 24. axb5 Bxb5 25. Rd1 Be2 26. Re1 Bh5 27. Rc3
Bg6 28. Kb2 Rfb8 29. Ra1 a4 30. b4 Ra6 31. Qc5 Rab6 32. Ka3 Rxb4 33. Qxb4 Rxb4
34. Kxb4 h6 35. Rxa4 Qe7 36. Ra8+ Kh7 37. Rcc8 Be4 38. Rh8+ Kg6 39. Rhe8 Qd7
40. Rad8 Qc7 41. Rxe6+ Kh5 42. Rc8 Qb6+ 43. Kc3 d4+ 44. Kd2 Qa5+ 45. Kc1 Qa3+
46. Kd1 Bxg2 47. Rf8 Bh3 48. Re7 Bg4+ 49. Ke1 Qe3+ 50. Kf1 Bh3# 0-1

[Event "EU-Cup 10th Group7"]
[Site "Baile Herculane"]
[Date "1994.??.??"]
[Round "3"]
[White "Tseitlin, Mark D"]
[Black "Miezis, Normunds"]
[Result "1-0"]
[WhiteElo "2470"]
[BlackElo "2430"]
[PlyCount "89"]
[EventDate "1994.??.??"]
[EventType "team-k.o."]
[EventRounds "3"]
[EventCountry "ROU"]
[SourceTitle "EXT 2020"]
[Source "ChessBase"]
[SourceDate "2019.10.17"]
[SourceVersion "1"]
[SourceVersionDate "2019.10.17"]
[SourceQuality "1"]
[WhiteTeam "Beer-Sheva Chess Club"]
[BlackTeam "Daugavpils LB"]
[WhiteTeamCountry "ISR"]
[BlackTeamCountry "LAT"]

1. e4 c5 2. Nf3 e6 3. d4 cxd4 4. Nxd4 a6 5. Bd3 Nc6 6. Be3 Nf6 7. O-O Qc7 8.
Nd2 Nxd4 9. Bxd4 Bc5 10. Bxf6 gxf6 11. Qg4 Rf8 12. a4 b6 13. Qf3 Bb7 14. Qxf6
Rg8 15. Nf3 Be7 16. Qe5 Bd6 17. Qh5 Rg7 18. Rfe1 Qc6 19. g3 Bc5 20. Bf1 O-O-O
21. Bg2 Rdg8 22. c3 Kb8 23. b4 Be7 24. b5 axb5 25. axb5 Qc7 26. Red1 d6 27. Nd4
Bf6 28. e5 Rg5 29. Nc6+ Bxc6 30. Bxc6 Qxc6 31. Qxg5 Rxg5 32. bxc6 Bxe5 33. Ra4
Rg8 34. f4 Bxc3 35. Rxd6 Kc7 36. Rd3 Ba5 37. Rc4 b5 38. Rd7+ Kb6 39. Rb7+ Ka6
40. Rc1 Rf8 41. Kg2 h5 42. Kh3 Bb6 43. Ra1+ Ba5 44. Kh4 Rc8 45. Rxf7 1-0

[Event "Berliner Sommer 12th"]
[Site "Berlin"]
[Date "1994.??.??"]
[Round "?"]
[White "Meyer, C."]
[Black "Tseitlin, Mark D"]
[Result "0-1"]
[WhiteElo "2320"]
[BlackElo "2465"]
[PlyCount "68"]
[EventDate "1994.08.??"]
[EventType "swiss"]
[EventRounds "9"]
[EventCountry "GER"]
[SourceTitle "EXT 1997"]
[Source "ChessBase"]
[SourceDate "1996.11.15"]
[SourceVersion "1"]
[SourceVersionDate "1996.11.15"]
[SourceQuality "1"]

1. Nf3 Nf6 2. c4 g6 3. g3 Bg7 4. Bg2 O-O 5. O-O d6 6. d4 Nc6 7. Nc3 Bf5 8. Ne1
Na5 9. e4 Bd7 10. b3 c5 11. Nc2 a6 12. h3 Nc6 13. Be3 Qa5 14. Qd2 b5 15. dxc5
bxc4 16. cxd6 exd6 17. Rab1 cxb3 18. axb3 Rac8 19. Rfc1 Rfe8 20. Nd4 Nxd4 21.
Bxd4 Qb4 22. Qd3 Qa3 23. Qd2 Bc6 24. Re1 Qb4 25. Qd3 a5 26. Rec1 h5 27. h4 Bb7
28. Bxf6 Bxf6 29. Nd5 Bxd5 30. Qxd5 Bd4 31. Rd1 Bc5 32. Rbc1 Qb6 33. Rf1 Bxf2+
34. Kh2 Qe3 0-1